Pääkaupungit sattumanvaraisesti - Eurooppa - Statistics

Yleistilastot
  • Tätä visaa on pelattu 306 kertaa
  • Keskiarvotulos 8 / 10
Vastaustilastot
Maa Kaupunki % Oikein
Andorra Andorra la Vella
100%
Slovakia Bratislava
100%
Belgia Bryssel
100%
Irlanti Dublin
100%
Ukraina Kiova
100%
Tanska Kööpenhamina
100%
Portugali Lissabon
100%
Valko-Venäjä Minsk
100%
Monaco Monaco
100%
Venäjä Moskova
100%
Ranska Pariisi
100%
Latvia Riika
100%
Italia Rooma
100%
Albania Tirana
100%
Vatikaani Vatikaani
100%
Norja Oslo
93%
Alankomaat Amsterdam
91%
Suomi Helsinki
90%
Islanti Reykjavík
90%
Ruotsi Tukholma
90%
San Marino San Marino
86%
Liettua Vilna
86%
Kreikka Ateena
83%
Saksa Berliini
83%
Unkari Budapest
83%
Viro Tallinna
83%
Luxemburg Luxemburg
80%
Bulgaria Sofia
80%
Sveitsi Bern
78%
Espanja Madrid
78%
Tšekki Praha
75%
Romania Bukarest
73%
Kosovo Pristina
73%
Itävalta Wien
73%
Puola Varsova
71%
Montenegro Podgorica
67%
Bosnia ja Herzegovina Sarajevo
67%
Makedonia Skopje
67%
Serbia Belgrad
63%
Yhdistynyt Kuningaskunta Lontoo
60%
Kroatia Zagreb
60%
Malta Valletta
57%
Slovenia Ljubljana
45%
Moldova Chișinău
40%
Liechtenstein Vaduz
38%
Ehtoja vastaavia visoja ei löytynyt
Tulosjakauma
Jokaisen tuloksen saaneiden osuus
Persentiili vastausten määrän mukaan
Tuloshistoriasi
Et ole pelannut tätä visaa